000 00383nam a2200169Ia 4500
100 _aKnuckles/Craif/ Yuen/D
650 _aWeb applications
942 _cBK
366 _f17.5
654 _aweb
245 _aWeb applications:Concepts and real world
260 _bWiley India
_aNew Delhi
_c2005
082 _a005.3/KNU
_bKNU
300 _a832
546 _aENGLISH
999 _c32584
_d32584